[Event "32nd ECC Open 2016"]
[Site "Novi Sad SRB"]
[Date "2016.11.06"]
[Round "1.31"]
[Board "4"]
[White "Mladenovic, Stefan"]
[Black "Uygun, Nasit"]
[Result "1-0"]
[WhiteElo "2292"]
[BlackElo "1589"]
[WhiteTeam "Omladinski Sahovski Klub Paracin"]
[BlackTeam "Hatay Metropolitan"]
[WhiteFideId "942227"]
[BlackFideId "6310346"]
[EventDate "2016.11.06"]

1. d4 d5 2. c4 c6 3. Nf3 Nf6 4. e3 e6 5. b3 Nbd7 6. Bd3 dxc4 7. bxc4 e5 8. Qc2
exd4 9. exd4 Bb4+ 10. Nbd2 Qe7+ 11. Kf1 O-O 12. Bb2 Bxd2 13. Qxd2 Nb6 14. a4 Qe6
15. Re1 Qg4 16. a5 Nbd7 17. h3 Qh5 18. Ne5 Nxe5 19. Rxe5 Qh4 20. g3 Bxh3+ 21.
Kg1 Qg4 22. Rg5 Qe6 23. d5 cxd5 24. Rxg7+ 1-0

[Event "32nd ECC Open 2016"]
[Site "Novi Sad SRB"]
[Date "2016.11.06"]
[Round "1.31"]
[Board "6"]
[White "Ivic, Matija"]
[Black "Micoogullari, Lara"]
[Result "1-0"]
[BlackTitle "WCM"]
[WhiteElo "2231"]
[BlackElo "1673"]
[WhiteTeam "Omladinski Sahovski Klub Paracin"]
[BlackTeam "Hatay Metropolitan"]
[WhiteFideId "953687"]
[BlackFideId "6344968"]
[EventDate "2016.11.06"]

1. d4 d5 2. Nf3 Nf6 3. c4 c6 4. Nbd2 e6 5. Qc2 Nbd7 6. g3 Bd6 7. Bg2 O-O 8. O-O
Re8 9. Rd1 c5 10. e4 cxd4 11. Nxd4 Bc5 12. N2b3 e5 13. Nf5 d4 14. Bg5 Qb6 15.
Rab1 a5 16. Nc1 Bf8 17. Nd3 Nc5 18. Nxc5 Bxc5 19. Qe2 Bxf5 20. exf5 e4 21. Bxf6
Qxf6 22. Bxe4 Qxf5 23. Re1 Qd7 24. Qh5 Rxe4 25. Rxe4 Qc6 26. Qd5 1-0

[Event "32nd ECC Open 2016"]
[Site "Novi Sad SRB"]
[Date "2016.11.07"]
[Round "2.1"]
[Board "2"]
[White "Rapport, Richard"]
[Black "Kamsky, Gata"]
[Result "0-1"]
[WhiteTitle "GM"]
[BlackTitle "GM"]
[WhiteElo "2730"]
[BlackElo "2648"]
[WhiteTeam "VSK Sveti Nikolaj Srpski"]
[BlackTeam "Ladya Kazan"]
[WhiteFideId "738590"]
[BlackFideId "2000024"]
[EventDate "2016.11.06"]

1. Nf3 Nf6 2. c4 c6 3. Nc3 d5 4. d4 a6 5. e3 Bf5 6. Qb3 Ra7 7. Nh4 Be6 8. c5 Bg4
9. h3 Bh5 10. g4 Bg6 11. g5 Nfd7 12. f4 e6 13. Nxg6 hxg6 14. Na4 b6 15. cxb6 Rb7
16. Bd2 c5 17. dxc5 Nxc5 18. Nxc5 Bxc5 19. Qc3 Qxb6 20. Rc1 Rc7 21. Qxg7 Rf8 22.
Be2 Nd7 23. Qc3 Ke7 24. Qa5 Qxa5 25. Bxa5 Rb7 26. Rxc5 Nxc5 27. b4 Ne4 28. Bxa6
Ra7 29. b5 Rb8 30. Rh2 Rxb5 31. Bxb5 Rxa5 32. Bd3 Nc3 33. Rc2 Nxa2 34. Rc7+ Kf8
35. h4 Nb4 36. Be2 d4 37. exd4 Nd5 38. Rc8+ Kg7 39. h5 gxh5 40. f5 Nf4 41. fxe6
fxe6 42. Bf3 Rxg5 43. Kf2 Nh3+ 44. Ke3 Rg3 45. Ke4 h4 46. Be2 Rg1 47. Ke3 Re1
48. Rc5 Kf6 49. Kd2 Ra1 50. d5 Ng5 0-1

[Event "32nd ECC Open 2016"]
[Site "Novi Sad SRB"]
[Date "2016.11.07"]
[Round "2.1"]
[Board "3"]
[White "Timofeev, Artyom"]
[Black "Morozevich, Alexander"]
[Result "1/2-1/2"]
[WhiteTitle "GM"]
[BlackTitle "GM"]
[WhiteElo "2598"]
[BlackElo "2683"]
[WhiteTeam "Ladya Kazan"]
[BlackTeam "VSK Sveti Nikolaj Srpski"]
[WhiteFideId "4140419"]
[BlackFideId "4116992"]
[EventDate "2016.11.06"]

1. c4 e5 2. d3 Nc6 3. g3 Bc5 4. Bg2 d6 5. Nc3 a6 6. Nf3 h6 7. a3 f5 8. b4 Ba7 9.
b5 axb5 10. Nxb5 Nf6 11. Nxa7 Rxa7 12. O-O O-O 13. Bb2 b6 14. Ne1 Bb7 15. f4 e4
16. Nc2 Ne7 17. Ne3 Qd7 18. Qd2 Qe6 19. Rfe1 Nd7 20. Qc2 Nc5 21. Rad1 Rf7 22. h3
Kh7 23. Kh2 h5 24. h4 Ng8 25. d4 Na4 26. d5 Qg6 27. Bd4 Bc8 28. Bh3 Bd7 29. Rb1
Nh6 30. Kg2 Rf8 31. Rb4 Rfa8 32. Ra1 Nc5 33. Qc3 Qf7 34. Kf2 Ng8 35. Rbb1 Ra5
36. Kg2 Ne7 37. Kh2 Kg8 38. Bg2 Kf8 39. Bh3 g6 40. Bf1 Ke8 41. Nc2 Ba4 42. Ne3
Kd7 43. Kg1 Kc8 44. Kf2 Kb7 45. Bg2 Qe8 46. Kg1 R8a7 47. Kf2 Qa8 48. Kg1 Be8 49.
Nc2 Na4 50. Qd2 Ng8 51. e3 Nh6 52. Bf1 Nc5 53. Bc3 Ra4 54. Bb4 Qd8 55. Nd4 Ra8
56. Nb3 Kc8 57. Be2 Qe7 58. Nxc5 dxc5 59. Bc3 Rxa3 60. Rxa3 Rxa3 61. Ra1 Rxa1+
62. Bxa1 Nf7 63. Qc3 Qd7 64. Qg7 Nd6 65. Qh8 Kb7 66. Kf2 Qe7 67. Bf6 Qf7 68. Be5
Ba4 69. Bxd6 cxd6 70. Qd8 Qc7 71. Qg8 b5 72. Qxg6 b4 73. Qxh5 Qg7 74. Qg5 Qb2
75. Qe7+ Kc8 76. Qxd6 Bd1 77. Qxc5+ Kb7 78. Qb5+ Kc8 79. Qc6+ 1/2-1/2

[Event "32nd ECC Open 2016"]
[Site "Novi Sad SRB"]
[Date "2016.11.07"]
[Round "2.1"]
[Board "4"]
[White "Ivanisevic, Ivan"]
[Black "Hasangatin, Ramil"]
[Result "1/2-1/2"]
[WhiteTitle "GM"]
[BlackTitle "GM"]
[WhiteElo "2645"]
[BlackElo "2505"]
[WhiteTeam "VSK Sveti Nikolaj Srpski"]
[BlackTeam "Ladya Kazan"]
[WhiteFideId "912417"]
[BlackFideId "4122160"]
[EventDate "2016.11.06"]

1. d4 Nf6 2. c4 d6 3. Nc3 Nbd7 4. Nf3 c6 5. g3 e5 6. Qc2 Be7 7. Bg2 O-O 8. O-O
Re8 9. h3 a6 10. Rd1 Qc7 11. Be3 Bf8 12. Rac1 exd4 13. Bxd4 g6 14. Ng5 Bh6 15.
Nge4 Nxe4 16. Nxe4 f5 17. Nc3 Bxc1 18. Qxc1 Nf8 19. e4 Ne6 20. Be3 Rf8 21. Bh6
Ng7 22. exf5 gxf5 23. Qg5 Be6 24. Nd5 Bxd5 25. cxd5 c5 26. Re1 Rae8 27. Re6 Kh8
28. Rxd6 Qe7 29. Rb6 Qxg5 30. Bxg5 Rf7 31. Be3 Rc8 32. d6 Rd7 33. Bd5 h5 34. Bf4
Kh7 35. Be5 Kg6 36. f4 Rcd8 37. a4 Ne8 38. Be6 Rxd6 39. Bxd6 Rxd6 40. a5 Rxb6
41. axb6 Nd6 42. Kf2 Kf6 43. Bd5 a5 44. Ke3 Nc8 45. Bxb7 Nxb6 46. Kd3 Na4 47.
Kc2 Nb6 48. Bc6 Nc4 49. Kb3 Nd2+ 50. Ka4 Nf1 51. Kxa5 Nxg3 52. Kb5 Ne2 53. Kxc5
Nxf4 54. Kd6 Nd3 55. b3 h4 56. Bg2 Kg5 57. Bf1 Nb4 58. Kc5 Na2 59. Kc4 Kf4 60.
Bd3 Nc1 61. b4 Nxd3 62. Kxd3 Ke5 63. Ke3 Kd5 64. Kf4 Kc4 65. Kxf5 Kxb4 66. Kg5
Kc5 67. Kxh4 Kd6 68. Kg5 1/2-1/2

[Event "32nd ECC Open 2016"]
[Site "Novi Sad SRB"]
[Date "2016.11.07"]
[Round "2.1"]
[Board "5"]
[White "Faizrakhmanov, Ramil"]
[Black "Markus, Robert"]
[Result "0-1"]
[WhiteTitle "FM"]
[BlackTitle "GM"]
[WhiteElo "2422"]
[BlackElo "2652"]
[WhiteTeam "Ladya Kazan"]
[BlackTeam "VSK Sveti Nikolaj Srpski"]
[WhiteFideId "24103209"]
[BlackFideId "921637"]
[EventDate "2016.11.06"]

1. d4 Nf6 2. c4 d6 3. Nc3 Nbd7 4. e4 e5 5. Nf3 g6 6. Be2 Bg7 7. O-O O-O 8. Re1
exd4 9. Nxd4 Re8 10. Bf1 c6 11. Bg5 Nc5 12. Nb3 h6 13. Bh4 g5 14. Nxc5 gxh4 15.
Nb3 a5 16. Nd4 a4 17. a3 Qb6 18. Qd2 h3 19. Rad1 hxg2 20. Bxg2 Qc5 21. f4 Bg4
22. Kh1 Bxd1 23. Qxd1 Nxe4 24. Nxe4 Qxd4 25. Qg4 Rad8 26. Bf3 d5 27. Rd1 Qxb2
28. Rd2 Qxa3 29. Nf6+ Kh8 30. Nxe8 Rxe8 31. cxd5 Qc3 32. Rd1 a3 33. Be4 a2 34.
Qd7 Ra8 35. Qf5 Kg8 36. Qh7+ Kf8 0-1

[Event "32nd ECC Open 2016"]
[Site "Novi Sad SRB"]
[Date "2016.11.07"]
[Round "2.1"]
[Board "6"]
[White "Perunovic, Milos"]
[Black "Murtazin, Bulat"]
[Result "1-0"]
[WhiteTitle "GM"]
[BlackTitle "FM"]
[WhiteElo "2616"]
[BlackElo "2384"]
[WhiteTeam "VSK Sveti Nikolaj Srpski"]
[BlackTeam "Ladya Kazan"]
[WhiteFideId "921629"]
[BlackFideId "24151351"]
[EventDate "2016.11.06"]

1. e4 e6 2. d4 d5 3. Nc3 Nf6 4. e5 Nfd7 5. f4 c5 6. Nf3 Nc6 7. Be3 Be7 8. Qd2
O-O 9. dxc5 Bxc5 10. O-O-O Qa5 11. a3 Rd8 12. Kb1 a6 13. Bxc5 Qxc5 14. Bd3 b5
15. Ne2 Rb8 16. c3 Nb6 17. Ned4 Nc4 18. Bxc4 bxc4 19. Nxc6 Qxc6 20. Nd4 Qc5 21.
Ka2 Bd7 22. Qf2 Rb6 23. Rd2 Rdb8 24. g4 Qe7 25. Re1 Kf8 26. Re3 Ke8 27. Rh3 h6
28. g5 Kd8 29. gxh6 gxh6 30. Rxh6 Kc7 31. Qg1 Kb7 32. f5 Ka8 33. f6 Qc5 34. Rh7
Be8 35. h4 Qc7 36. Qh2 Ba4 37. Rg7 Qb7 38. h5 Rb5 39. Nxb5 axb5 40. Qg1 1-0

[Event "32nd ECC Open 2016"]
[Site "Novi Sad SRB"]
[Date "2016.11.07"]
[Round "2.2"]
[Board "1"]
[White "Mamedov, Rauf"]
[Black "Postny, Evgeny"]
[Result "1-0"]
[WhiteTitle "GM"]
[BlackTitle "GM"]
[WhiteElo "2684"]
[BlackElo "2616"]
[WhiteTeam "Odlar Yurdu"]
[BlackTeam "Beer Sheva Chess Club"]
[WhiteFideId "13401653"]
[BlackFideId "2804344"]
[EventDate "2016.11.06"]

1. e4 c6 2. Nc3 d5 3. Nf3 Bg4 4. h3 Bxf3 5. Qxf3 Nf6 6. d3 e6 7. Qg3 g6 8. Be2
Bg7 9. Bf4 O-O 10. Bd6 Re8 11. e5 Nfd7 12. d4 c5 13. dxc5 Nc6 14. O-O Bxe5 15.
Bxe5 Ndxe5 16. b4 Qf6 17. Nb5 Red8 18. c3 a6 19. Nd6 b6 20. f4 Nd7 21. f5 Qe5
22. Qxe5 Ndxe5 23. fxe6 fxe6 24. Rae1 Rd7 25. Bg4 Nxg4 26. hxg4 e5 27. Rf6 bxc5
28. bxc5 Rc7 29. g5 e4 30. c4 Nb4 31. cxd5 Nxd5 32. Re6 Nc3 33. Re5 Rd8 34. a3
h6 35. gxh6 Kh7 36. Re3 Nb5 37. Nxe4 Kxh6 38. Ng5 Rd1+ 39. Kh2 Rc6 40. Ne6 Kh7
41. Rf3 Nd4 42. Rf7+ Kh6 43. Nf8 Nf5 44. g4 Rd2+ 45. Kg1 Ng7 46. g5+ Kh5 47.
Rxg7 Rc8 48. Nd7 Kg4 49. Rf7 Rd1+ 50. Kf2 Rh8 51. Re4+ Kxg5 52. Ne5 1-0

[Event "32nd ECC Open 2016"]
[Site "Novi Sad SRB"]
[Date "2016.11.07"]
[Round "2.2"]
[Board "3"]
[White "Guseinov, Gadir"]
[Black "Huzman, Alexander"]
[Result "1-0"]
[WhiteTitle "GM"]
[BlackTitle "GM"]
[WhiteElo "2629"]
[BlackElo "2567"]
[WhiteTeam "Odlar Yurdu"]
[BlackTeam "Beer Sheva Chess Club"]
[WhiteFideId "13401378"]
[BlackFideId "2803828"]
[EventDate "2016.11.06"]

1. e4 c5 2. Nc3 Nc6 3. Bb5 Nd4 4. Nf3 e6 5. O-O a6 6. Bd3 Ne7 7. Re1 Nec6 8. Bf1
g6 9. d3 Nxf3+ 10. Qxf3 Bg7 11. g3 O-O 12. Bg2 d6 13. Qd1 Bd7 14. Be3 b5 15. a3
Rb8 16. Qc1 a5 17. Bg5 Qc7 18. Bh6 Bxh6 19. Qxh6 Nd4 20. Rac1 b4 21. Nd1 bxa3
22. bxa3 c4 23. dxc4 Qxc4 24. Qd2 Qc5 25. Ne3 e5 26. h4 Be6 27. Qd3 Rfc8 28. Kh2
Qc3 29. Red1 Rb2 30. Qa6 Qc5 31. Qd3 Ra2 32. c3 Nb3 33. Rc2 Rxc2 34. Qxc2 Qxa3
35. Qd3 Qc5 36. Bh3 Rc6 37. Bxe6 fxe6 38. Ng4 h5 39. Nf6+ Kf7 40. Qf3 Qxc3 41.
Rd3 Nd4 42. Rxc3 Nxf3+ 43. Rxf3 Ke7 44. Nh7 a4 45. Nf8 Ra6 46. Nxg6+ Ke8 47. g4
hxg4 48. Rf8+ Kd7 49. h5 a3 50. h6 a2 51. h7 g3+ 52. Kg2 a1=Q 53. h8=Q gxf2 54.
Qg7+ Kc6 55. Rc8+ Kb5 56. Qd7+ Ka5 57. Qc7+ Ka4 58. Qc4+ Ka5 59. Qxa6+ 1-0

[Event "32nd ECC Open 2016"]
[Site "Novi Sad SRB"]
[Date "2016.11.07"]
[Round "2.2"]
[Board "4"]
[White "Greenfeld, Alon"]
[Black "Naiditsch, Arkadij"]
[Result "1-0"]
[WhiteTitle "GM"]
[BlackTitle "GM"]
[WhiteElo "2562"]
[BlackElo "2686"]
[WhiteTeam "Beer Sheva Chess Club"]
[BlackTeam "Odlar Yurdu"]
[WhiteFideId "2800039"]
[BlackFideId "4650891"]
[EventDate "2016.11.06"]

1. Nf3 Nf6 2. c4 g6 3. g3 b6 4. Bg2 Bb7 5. d4 Bg7 6. O-O O-O 7. d5 Na6 8. Nc3
Nc5 9. Be3 e6 10. Rc1 Ng4 11. Bg5 f6 12. Bd2 f5 13. Bg5 Qc8 14. dxe6 dxe6 15.
Be7 Re8 16. Bxc5 bxc5 17. Na4 Bf8 18. Ne1 Rd8 19. Qc2 e5 20. Bd5+ Bxd5 21. cxd5
Nf6 22. Nd3 Rxd5 23. Nc3 Rd4 24. Nxe5 Qb7 25. e3 Rdd8 26. Qe2 Nd5 27. Qc4 Kg7
28. e4 fxe4 29. Qxe4 c6 30. Na4 Re8 31. Rfe1 Bd6 32. Nxc5 Qxb2 33. Ncd3 Qxa2 34.
Rxc6 Rad8 35. Qd4 Bxe5 36. Rxe5 Kg8 37. Rd6 Rxd6 38. Rxe8+ Kf7 39. Qh8 Qb1+ 40.
Kg2 1-0

[Event "32nd ECC Open 2016"]
[Site "Novi Sad SRB"]
[Date "2016.11.07"]
[Round "2.2"]
[Board "5"]
[White "Safarli, Eltaj"]
[Black "Mikhalevski, Victor"]
[Result "0-1"]
[WhiteTitle "GM"]
[BlackTitle "GM"]
[WhiteElo "2694"]
[BlackElo "2508"]
[WhiteTeam "Odlar Yurdu"]
[BlackTeam "Beer Sheva Chess Club"]
[WhiteFideId "13402129"]
[BlackFideId "2801914"]
[EventDate "2016.11.06"]

1. e4 e5 2. Nf3 Nc6 3. Bb5 a6 4. Ba4 Nf6 5. O-O Nxe4 6. d4 b5 7. Bb3 d5 8. dxe5
Be6 9. Be3 Be7 10. c3 Nc5 11. Bc2 Nd7 12. Nd4 Ndxe5 13. Nxe6 fxe6 14. Nd2 O-O
15. f4 Ng6 16. Qg4 d4 17. Bxg6 dxe3 18. Qxe6+ Kh8 19. Ne4 e2 20. Rfe1 Na5 21.
Bh5 Rxf4 22. Rxe2 Nc4 23. Rae1 Qf8 24. g3 Rf5 25. Bg4 Re5 26. Qc6 Qe8 27. Bd7
Qd8 28. Nf2 Bd6 29. Nd3 Rxe2 30. Rxe2 Qf8 31. Rf2 Qb8 32. Qe4 Qa7 33. b3 Nd2 34.
Qe2 Nb1 35. Qe1 Na3 36. Qe4 Nb1 37. Bc6 Rd8 38. Qh4 Rb8 39. Be4 h6 40. Bf5 Nxc3
41. Qh5 Nd5 42. Kh1 Qd4 43. Qg6 Nf6 44. Be6 c5 45. Kg2 c4 46. bxc4 bxc4 47. Rxf6
Qxf6 48. Qxf6 gxf6 49. Bxc4 a5 50. Kf3 Rc8 51. Bb3 f5 52. Ke3 Re8+ 53. Kf3 Kg7
54. Nb2 Kf6 55. Nc4 Bb4 56. Ne3 Ke5 57. Bc2 Rc8 58. Ke2 Rc3 59. Bd3 Rc1 60. Nxf5
Ra1 61. Nxh6 Rxa2+ 62. Kf3 Kd4 63. Be2 a4 64. Nf5+ Ke5 65. g4 Bc5 66. Bc4 Rxh2 0-1

[Event "32nd ECC Open 2016"]
[Site "Novi Sad SRB"]
[Date "2016.11.07"]
[Round "2.2"]
[Board "6"]
[White "Khmelniker, Ilya"]
[Black "Sutovsky, Emil"]
[Result "1/2-1/2"]
[WhiteTitle "GM"]
[BlackTitle "GM"]
[WhiteElo "2489"]
[BlackElo "2625"]
[WhiteTeam "Beer Sheva Chess Club"]
[BlackTeam "Odlar Yurdu"]
[WhiteFideId "2805340"]
[BlackFideId "2802007"]
[EventDate "2016.11.06"]

1. c4 c5 2. Nc3 g6 3. g3 Bg7 4. Bg2 Nc6 5. Nf3 d6 6. a3 e6 7. O-O Nge7 8. Rb1 b6
9. b4 Bb7 10. Qb3 Rb8 11. Bb2 O-O 12. Ne4 Nd4 13. Nxd4 cxd4 14. d3 d5 15. Nd2
dxc4 16. dxc4 Bxg2 17. Kxg2 e5 18. Rbd1 Nf5 19. e3 dxe3 20. fxe3 Qg5 21. Rde1
Qg4 22. e4 Nd6 23. h3 Qe6 24. c5 bxc5 25. Qxe6 fxe6 26. Rxf8+ Bxf8 27. Bxe5 cxb4
28. Nc4 Nxc4 29. Bxb8 b3 30. Bxa7 Nxa3 31. Bd4 Nc2 32. Rd1 e5 33. Bf2 Na3 34.
Rd2 Nc4 35. Rd3 b2 36. Rb3 Kg7 37. Rb7+ Kh6 38. h4 g5 39. hxg5+ Kxg5 40. Be1 Kg4
41. Bc3 Ne3+ 42. Kh1 Nc4 43. Kg2 Ne3+ 44. Kg1 Ba3 45. Bxe5 Nc4 46. Bd4 Kxg3 47.
e5 Nd2 48. Bxb2 1/2-1/2

[Event "32nd ECC Open 2016"]
[Site "Novi Sad SRB"]
[Date "2016.11.07"]
[Round "2.3"]
[Board "1"]
[White "Predojevic, Borki"]
[Black "Sethuraman, S.P."]
[Result "1/2-1/2"]
[WhiteTitle "GM"]
[BlackTitle "GM"]
[WhiteElo "2636"]
[BlackElo "2649"]
[WhiteTeam "Vaalerenga Chess Club"]
[BlackTeam "Itaka"]
[WhiteFideId "930849"]
[BlackFideId "5021596"]
[EventDate "2016.11.06"]

1. d4 Nf6 2. Nf3 d5 3. Bf4 c5 4. e3 Nc6 5. Nbd2 Qb6 6. dxc5 Qxb2 7. Rb1 Qa3 8.
Bb5 Bd7 9. c4 e6 10. O-O Bxc5 11. cxd5 exd5 12. Ne5 O-O 13. Nxd7 Nxd7 14. Qc2
Bb6 15. Bxc6 bxc6 16. Qxc6 Qxa2 17. Qxd7 Qxd2 18. Rfd1 Qe2 19. Qxd5 Rfd8 20. Qb3
Rac8 21. Rxd8+ Rxd8 22. h3 h6 23. Rc1 Qd2 24. Rc2 Qd7 25. Rc1 Qd2 26. Rc2 Qd7
27. Rc1 Qd2 28. Rc2 Qd7 29. Rc1 1/2-1/2

[Event "32nd ECC Open 2016"]
[Site "Novi Sad SRB"]
[Date "2016.11.07"]
[Round "2.3"]
[Board "2"]
[White "Indjic, Aleksandar"]
[Black "Romanov, Evgeny"]
[Result "1/2-1/2"]
[WhiteTitle "GM"]
[BlackTitle "GM"]
[WhiteElo "2573"]
[BlackElo "2633"]
[WhiteTeam "Itaka"]
[BlackTeam "Vaalerenga Chess Club"]
[WhiteFideId "911925"]
[BlackFideId "4148843"]
[EventDate "2016.11.06"]

1. d4 Nf6 2. c4 e6 3. Nc3 Bb4 4. Nf3 b6 5. Bg5 h6 6. Bh4 Bb7 7. e3 Bxc3+ 8. bxc3
d6 9. Nd2 Nbd7 10. f3 e5 11. Bd3 Qe7 12. e4 Nf8 13. c5 dxc5 14. d5 Ng6 15. Qa4+
Kf8 16. Bf2 Ne8 17. g3 Nd6 18. c4 Bc8 19. h4 h5 20. Qc2 c6 21. a4 cxd5 22. cxd5
Kg8 23. a5 Rb8 24. Rb1 Qc7 25. O-O Bh3 26. Rfc1 Kh7 27. Qd1 Qd7 28. Kh2 f5 29.
Nc4 Nxc4 30. Bxc4 fxe4 31. Bb5 Qc8 32. d6 Rd8 33. axb6 axb6 34. g4 hxg4 35. d7
Qb7 36. Qd6 g3+ 37. Kxh3 gxf2 38. Bc6 Nf4+ 39. Kg4 Qa6 40. Qxe5 Rf8 41. Bxe4+
Kh8 42. Rd1 f1=Q 43. Rxf1 Rbd8 44. Rbd1 Qa2 45. Bf5 Qg2+ 46. Kxf4 Qh2+ 47. Ke4
Qc2+ 48. Kf4 Qh2+ 49. Ke4 Qc2+ 50. Kf4 1/2-1/2

[Event "32nd ECC Open 2016"]
[Site "Novi Sad SRB"]
[Date "2016.11.07"]
[Round "2.3"]
[Board "3"]
[White "Tari, Aryan"]
[Black "Vuckovic, Bojan"]
[Result "1/2-1/2"]
[WhiteTitle "GM"]
[BlackTitle "GM"]
[WhiteElo "2572"]
[BlackElo "2584"]
[WhiteTeam "Vaalerenga Chess Club"]
[BlackTeam "Itaka"]
[WhiteFideId "1510045"]
[BlackFideId "922277"]
[EventDate "2016.11.06"]

1. d4 Nf6 2. c4 g6 3. Nc3 d5 4. Nf3 Bg7 5. cxd5 Nxd5 6. Na4 Bf5 7. Nh4 Bd7 8. e4
e5 9. Nf3 exd4 10. exd5 Qe7+ 11. Be2 Qb4+ 12. Bd2 Qxa4 13. Rc1 Qxd1+ 14. Kxd1 c6
15. Bb4 Bf8 16. Bxf8 Kxf8 17. Ne5 cxd5 18. Rc7 Ke7 19. Rxb7 f6 20. Nf3 Nc6 21.
Bb5 Kd6 22. Kd2 Rab8 23. Bxc6 Bxc6 24. Rb3 Ba4 25. Rxb8 Rxb8 26. b3 Bd7 27. Nxd4
a5 28. a3 Ke5 29. Kd3 Bf5+ 30. Nxf5 Kxf5 31. Rb1 Ke5 32. b4 axb4 33. axb4 Rb5
34. Kc3 g5 35. Re1+ Kd6 36. g3 Rb8 37. Rb1 Rc8+ 38. Kd3 Ra8 39. b5 Ra3+ 40. Kd4
Ra4+ 41. Kd3 Ra3+ 42. Ke2 Ra7 43. Kd3 1/2-1/2

[Event "32nd ECC Open 2016"]
[Site "Novi Sad SRB"]
[Date "2016.11.07"]
[Round "2.3"]
[Board "4"]
[White "Szuhanek, Ranko"]
[Black "Holm, Kristian Stuvik"]
[Result "1/2-1/2"]
[WhiteTitle "IM"]
[BlackTitle "IM"]
[WhiteElo "2496"]
[BlackElo "2420"]
[WhiteTeam "Itaka"]
[BlackTeam "Vaalerenga Chess Club"]
[WhiteFideId "1202600"]
[BlackFideId "1508083"]
[EventDate "2016.11.06"]

1. Nf3 c5 2. c4 Nc6 3. d4 cxd4 4. Nxd4 e6 5. Nc3 Bc5 6. Nb3 Bb4 7. Bd2 Nf6 8. a3
Be7 9. e4 d5 10. exd5 exd5 11. cxd5 Nxd5 12. Be2 O-O 13. O-O Nxc3 14. Bxc3 Be6
15. Nd4 Nxd4 16. Qxd4 Qxd4 17. Bxd4 Rfd8 18. Bc3 Bd5 19. Rfe1 Bf8 20. Bg4 Bc6
21. Bf5 Re8 22. Rxe8 Rxe8 23. Re1 Rxe1+ 24. Bxe1 g6 25. Bc2 Bg7 26. b3 Bb2 27.
Bb4 Kg7 28. Be7 f5 29. a4 Kf7 30. Bc5 a6 1/2-1/2

[Event "32nd ECC Open 2016"]
[Site "Novi Sad SRB"]
[Date "2016.11.07"]
[Round "2.3"]
[Board "5"]
[White "Christiansen, Johan-Sebastian"]
[Black "Nenezic, Marko"]
[Result "0-1"]
[WhiteTitle "IM"]
[BlackTitle "IM"]
[WhiteElo "2425"]
[BlackElo "2479"]
[WhiteTeam "Vaalerenga Chess Club"]
[BlackTeam "Itaka"]
[WhiteFideId "1512668"]
[BlackFideId "912123"]
[EventDate "2016.11.06"]

1. Nf3 Nf6 2. c4 g6 3. g3 Bg7 4. Bg2 O-O 5. d4 d6 6. O-O c6 7. Nc3 Bf5 8. Nh4
Be6 9. d5 cxd5 10. cxd5 Bd7 11. Be3 Qa5 12. a3 Rc8 13. b4 Qa6 14. Bd4 Ne8 15.
Bxg7 Nxg7 16. Qd2 Qb6 17. Ne4 Na6 18. Qh6 f6 19. Nf3 Nf5 20. Qf4 Kg7 21. Rad1
Rc4 22. Nfd2 Rc2 23. Nf3 Nc7 24. g4 e5 25. Nxe5 dxe5 26. Qf3 Nd4 27. Rxd4 exd4
28. g5 Ne8 29. d6 f5 30. Nc5 Rxc5 31. bxc5 Qxc5 32. Qxb7 Rd8 33. Rd1 Nxd6 34.
Qb2 Qc3 35. Qb1 Rc8 36. e3 d3 37. Rxd3 Qc1+ 38. Rd1 Qxb1 39. Rxb1 Bc6 40. Bf1
Ne4 41. Ba6 Rd8 42. Rc1 Rd6 43. h4 Kf8 44. Rb1 Ke7 45. Rc1 Kd7 46. Bc4 Nd2 47.
Bg8 Nf3+ 48. Kg2 Nxg5+ 49. Kh2 Ne4 0-1

[Event "32nd ECC Open 2016"]
[Site "Novi Sad SRB"]
[Date "2016.11.07"]
[Round "2.3"]
[Board "6"]
[White "Vucinic, Gojko"]
[Black "Sagafos, Magne"]
[Result "0-1"]
[BlackTitle "IM"]
[WhiteElo "2426"]
[BlackElo "2397"]
[WhiteTeam "Itaka"]
[BlackTeam "Vaalerenga Chess Club"]
[WhiteFideId "945374"]
[BlackFideId "1502506"]
[EventDate "2016.11.06"]

1. e4 e5 2. Nf3 Nc6 3. Bb5 a6 4. Ba4 d6 5. O-O Bd7 6. c3 g6 7. d4 Bg7 8. d5 Nce7
9. c4 h6 10. Nc3 f5 11. c5 dxc5 12. exf5 gxf5 13. d6 cxd6 14. Bb3 Qc7 15. Nd5
Nxd5 16. Qxd5 O-O-O 17. Rd1 Nf6 18. Qxd6 Qxd6 19. Rxd6 Kc7 20. Rd1 Ne4 21. Nh4
Nd6 22. Be3 b6 23. Ng6 Rhe8 24. f4 e4 25. Ne5 Be6 26. Bxe6 Rxe6 27. b4 Bxe5 28.
fxe5 Nc4 29. Bf4 Rxd1+ 30. Rxd1 cxb4 31. Rd4 b5 32. g4 fxg4 33. Rxe4 Kc6 34. Kg2
Kd5 35. Re1 Nxe5 36. Kg3 Nd3 37. Rxe6 Kxe6 38. Bxh6 Kf5 39. h3 gxh3 40. Kxh3 a5
41. Kg2 a4 42. Kf3 b3 43. axb3 axb3 0-1

[Event "32nd ECC Open 2016"]
[Site "Novi Sad SRB"]
[Date "2016.11.07"]
[Round "2.4"]
[Board "1"]
[White "Bluebaum, Matthias"]
[Black "Edouard, Romain"]
[Result "1-0"]
[WhiteTitle "GM"]
[BlackTitle "GM"]
[WhiteElo "2641"]
[BlackElo "2628"]
[WhiteTeam "SV Werder Bremen"]
[BlackTeam "KGSRL Gent"]
[WhiteFideId "24651516"]
[BlackFideId "633429"]
[EventDate "2016.11.06"]

1. d4 d5 2. c4 dxc4 3. e4 Nf6 4. e5 Nd5 5. Bxc4 Nb6 6. Bd3 Nc6 7. Be3 Nb4 8. Be4
f5 9. a3 N4d5 10. Bxd5 Nxd5 11. Nc3 Nxc3 12. bxc3 Qd5 13. Nf3 Qc4 14. Qc2 e6 15.
Nd2 Qc6 16. O-O b6 17. f3 Rg8 18. c4 g5 19. Nb3 Rg6 20. Rfc1 Qd7 21. d5 exd5 22.
e6 Rxe6 23. Re1 Bg7 24. Rad1 Qe7 25. Qd2 f4 26. Bf2 Kf7 27. Qxd5 c6 28. Qd3 h6
29. c5 Rxe1+ 30. Rxe1 Be6 31. Nd4 Rd8 32. Qh7 Rh8 33. Qb1 Bxd4 34. Bxd4 Rd8 35.
Qh7+ Ke8 36. Qxh6 Kd7 37. cxb6 axb6 38. Bxb6 Rf8 39. Kh1 Rf5 40. h3 c5 41. Qh8
Rd5 42. Qa8 Qd6 43. Ba5 Ke7 44. Bc7 Qd7 45. Qg8 c4 46. Qg7+ Ke8 47. Qg8+ Ke7 48.
Qg7+ Ke8 49. Qg6+ Ke7 50. Be5 Rd1 51. Bf6+ Kf8 52. Qh6+ 1-0

[Event "32nd ECC Open 2016"]
[Site "Novi Sad SRB"]
[Date "2016.11.07"]
[Round "2.4"]
[Board "2"]
[White "Le Roux, Jean-Pierre"]
[Black "Werle, Jan"]
[Result "1/2-1/2"]
[WhiteTitle "GM"]
[BlackTitle "GM"]
[WhiteElo "2549"]
[BlackElo "2551"]
[WhiteTeam "KGSRL Gent"]
[BlackTeam "SV Werder Bremen"]
[WhiteFideId "609404"]
[BlackFideId "1006088"]
[EventDate "2016.11.06"]

1. Nf3 Nf6 2. d4 e6 3. c4 c5 4. d5 exd5 5. cxd5 d6 6. Nc3 g6 7. Bf4 Bg7 8. h3
O-O 9. e3 Na6 10. Bc4 Nc7 11. a4 a6 12. O-O Rb8 13. a5 b5 14. axb6 Rxb6 15. Ra2
Nb5 16. Na4 Rb7 17. Nd2 Re7 18. Qf3 Nd7 19. Bxb5 axb5 20. Bxd6 bxa4 21. Bxe7
Qxe7 22. Rxa4 Nb6 23. Ra2 c4 24. Rc1 Bb7 25. e4 f5 26. Qe3 Qb4 27. Ra7 Nc8 28.
Ra2 fxe4 29. Nxc4 Bxd5 30. b3 Ne7 31. Ra4 Qb8 32. Rd1 Nf5 33. Qc5 Bf7 34. Nb6
Bxb3 35. Ra8 Qxa8 36. Nxa8 Bxd1 37. Qd5+ Kh8 38. Nc7 Nd4 39. Qxe4 Bc2 40. Qe7
Ba4 41. Qd6 Bb3 42. Qe7 Bf7 43. Qd6 h6 44. Qe7 Kg8 45. Qd6 Nf5 46. Qd7 h5 47.
Ne6 Bxe6 48. Qxe6+ Kh7 49. g3 Rb8 50. Kg2 Rb2 51. g4 hxg4 52. hxg4 Nd4 53. Qe7
Nc6 54. Qh4+ Kg8 55. Qg5 Ne5 56. Qd8+ Kh7 57. Qh4+ Kg8 58. Qd8+ Kh7 59. Qh4+ 1/2-1/2